• 首页
  • 本馆介绍
  • 公告通知
  • 最新文献
  • 馆藏检索
  • 电子资源
  • 读者荐购
  • 参考咨询
  • CALIS
  • 我的图书馆
  • 登录
  • 详细信息显示
  • 放入我的书架
  • 预约/预借图书
  • 作者相关作品
  • 分类相关作品
  • 丛书相关作品
  • 出版社相关作品

书目信息

  • 表格格式
  • 工作单格式
  • 卡片格式
题名:
安装工程施工技术资料编制大全
    
 
作者: 裴永棋 主编
分册:  
出版信息: 合肥   安徽科学技术出版社  1998.08
页数: 341页
开本: 16开
丛书名:
单 册:
中图分类:
科图分类:
主题词: 建筑工程--各种
电子资源:
ISBN: 7-5337-1684-1
 
 
 
 
 
000 00625nam0 2200205 45
001 9912111001
005 20000906191010.5
010    @a7-5337-1684-1@d30.00元
100    @a19991211d1998 km y0chiy0120 ea
101    @achi
105    @a z 000yy
200 1  @a安装工程施工技术资料编制大全@AAn Zhuang Gong Cheng Shi Gong Ji Shu Zi Liao Bian Zhi Da Quan@f裴永棋主编@FPei Yong Qi Zhu Bian
210    @a合肥@c安徽科学技术出版社@d1998.08
215    @a341页@d16开
606 0  @a建筑工程@x各种
690    @v3
690    @aTU758@v3
701    @a裴永棋@4主编
801    @aCN@bPFTUser@c19991211
905    @dTU758@eP695@b123664-673@f10
    
    安装工程施工技术资料编制大全/裴永棋主编.-合肥:安徽科学技术出版社,1998.08
    341页;16开
    
    
    ISBN 7-5337-1684-1:30.00元
    
●
相关链接 在E读中查询图书 在当当中查询图书 在豆瓣中查询图书


正题名:安装工程施工技术资料编制大全     索取号:TU758/P695         预约/预借

序号 登录号 条形码 馆藏地/架位号 状态 备注
1 123664   201236643   建筑库201/201建筑库 43排4列1层/ [索取号:TU758/P695] 在馆    
2 123665   201236652   自科二线404/404自科库 10排5列1层/ [索取号:TU758/P695] 在馆    
3 123666   201236661   建筑库201/201建筑库 43排4列1层/ [索取号:TU758/P695] 在馆    
4 123667   201236670   自科二线404/404自科库 10排5列1层/ [索取号:TU758/P695] 在馆    
5 123668   201236689   自科二线404/404自科库 10排5列1层/ [索取号:TU758/P695] 在馆    
6 123669   201236698   自科二线404/404自科库 10排5列1层/ [索取号:TU758/P695] 在馆    
7 123670   201236705   自科二线404/404自科库 10排5列1层/ [索取号:TU758/P695] 在馆    
8 123671   201236714   建筑库201/201建筑库 43排4列1层/ [索取号:TU758/P695] 在馆    
9 123672   201236723   自科二线404/404自科库 10排5列1层/ [索取号:TU758/P695] 在馆    
10 123673   201236732   自科二线404/404自科库 10排5列1层/ [索取号:TU758/P695] 在馆    
河南城建学院图书馆 欢迎您!
大连网信软件有限公司© 版权所有